00246nam a22001097a 4500020001800000040000900018082001600027100001800043245002400061260003900085650001200124 a9789695730010 cNUST a641.57bZAK aZakir Qureshi a Chef Zakir Special aLAHOREb Jahangir Book Depotc2009 aCooking